[Event "Maharashtra Chess Challenge GM Vidit Gu"]
[Site "Naivedhyam North Star, Koradi"]
[Date "2023.06.02"]
[Round "2.1"]
[White "Svidler, Peter"]
[Black "Vidit, Santosh Gujrathi"]
[Result "1-0"]
[WhiteElo "2692"]
[BlackElo "2712"]
[PlyCount "77"]
[EventDate "2023.06.01"]
[EventRounds "4"]
[EventCountry "IND"]

1. c4 e6 2. Nc3 d5 3. d4 c5 4. cxd5 exd5 5. Nf3 Nf6 6. Bg5 Be6 7. e3 c4 8. g3 ({RR} 8. Be2 Bb4 9. O-O O-O 10. Ne5 Qa5 11. Bxf6 gxf6 12. Ng4 Nd7 13. Qc2 Rad8 14. f4 Bxc3 15. bxc3 f5 16. Rab1 fxg4 17. f5 Nf6 18. fxe6 fxe6 19. Rf4 Ne4 20. Rxg4+ Kh8 21. Rxb7 Qxc3 22. Qxc3 Nxc3 {Giri,A (2768)-Abdusattorov,N (2731) chess.com INT 2023 ½-½}) ({RR} 8. Be2 Bb4 9. O-O O-O 10. Ne5 Qa5 11. Bxf6 gxf6 12. Ng4 Nd7 13. Qc2 Rad8 14. f4 Bxc3 15. bxc3 f5 16. Rab1 fxg4 17. f5 Nf6 18. fxe6 fxe6 19. Rf4 Ne4 20. Rxg4+ Kh8 21. Rxb7 Qxc3 22. Qxc3 Nxc3 {Giri,A (2768)-Abdusattorov,N (2731) chess.com INT 2023 ½-½}) 8... Bb4 ({RR} 8... Nbd7 9. Bg2 Bd6 10. O-O O-O 11. e4 dxe4 12. Nxe4 Be7 13. Nc3 h6 14. Bd2 Nb6 15. Re1 Re8 16. h3 Bf8 17. Kh2 Nbd5 18. Ne5 Rc8 19. Rc1 a6 20. Ne4 Nxe4 21. Bxe4 b5 22. Qf3 Nf6 23. Bc6 {Mamedyarov,S (2757)-Kasimdzhanov,R (2670) Shusha 2022 0-1 (31)}) ({RR} 8... h6 9. Bxf6 Qxf6 10. Bg2 Nc6 11. O-O Bb4 12. Rc1 O-O 13. e4 Bxc3 14. e5 Qe7 15. bxc3 b5 16. Ne1 b4 17. f4 f5 18. exf6 Rxf6 19. Nf3 a5 20. Ne5 Nxe5 21. dxe5 Qc5+ 22. Kh1 Rff8 23. f5 {Mikhailova,I (2143)-Olhovik,A (2282) chess.com INT 2025 1-0 (47)}) 9. Bg2 Bxc3+ $146 ({RR} 9... O-O 10. O-O Bxc3 11. bxc3 Nbd7 12. Nd2 h6 13. Bxf6 Nxf6 14. e4 dxe4 15. Nxe4 Nxe4 16. Bxe4 Qa5 17. Qf3 Rab8 18. Rfe1 b5 19. d5 Bd7 20. d6 Rb6 21. Rad1 Qa3 22. Qf4 Qxc3 23. Bd5 Qf6 24. Qxf6 {Kavutskiy,K (2391)-Gukesh,D (2563) Chess.com INT 2020 0-1}) ({RR} 9... O-O 10. O-O Nbd7 11. Kh1 h6 12. Bxf6 Nxf6 13. Ng1 Re8 14. Nge2 a6 15. a3 Bxc3 16. bxc3 Bf5 17. a4 b5 18. Re1 Be4 19. f3 Bh7 20. Ng1 Qb6 21. axb5 axb5 22. Rxa8 Rxa8 23. e4 b4 24. e5 {Fiorito,J (2409)-Rietze,C (2343) chess.com INT 2024 1-0 (47)}) ({RR} 9... Nbd7 10. O-O Bxc3 11. bxc3 Qa5 12. Bxf6 Nxf6 13. Ne5 O-O 14. Qc2 g6 15. f3 Nd7 16. Nxd7 Bxd7 17. e4 b5 18. a3 f5 19. exf5 Bxf5 20. Qb2 Rae8 21. Rfe1 Qb6 22. f4 Be4 23. Bxe4 Rxe4 24. Rxe4 {Zhao Jun (2536)-Bai,J (2599) Shaoxing CHN 2026 ½-½ (36)}) ({RR} 9... O-O 10. O-O Nbd7 11. Kh1 h6 12. Bxf6 Nxf6 13. Ng1 Re8 14. Nge2 a6 15. a3 Bxc3 16. bxc3 Bf5 17. a4 b5 18. Re1 Be4 19. f3 Bh7 20. Ng1 Qb6 21. axb5 axb5 22. Rxa8 Rxa8 23. e4 b4 24. e5 {Fiorito,J (2409)-Rietze,C (2343) chess.com INT 2024 1-0 (47)}) ({RR} 9... Nbd7 10. O-O Bxc3 11. bxc3 Qa5 12. Bxf6 Nxf6 13. Ne5 O-O 14. Qc2 g6 15. f3 Nd7 16. Nxd7 Bxd7 17. e4 b5 18. a3 f5 19. exf5 Bxf5 20. Qb2 Rae8 21. Rfe1 Qb6 22. f4 Be4 23. Bxe4 Rxe4 24. Rxe4 {Zhao Jun (2536)-Bai,J (2599) Shaoxing CHN 2026 ½-½ (36)}) 10. bxc3 Qa5 11. Bxf6 Qxc3+ 12. Nd2 gxf6 13. O-O Nc6 14. Rc1 Qd3 15. e4 O-O-O 16. exd5 Bxd5 17. Nxc4 Qxd1 18. Rfxd1 Kb8 19. Ne3 Bxg2 20. Kxg2 Nxd4 21. Ng4 Rd6 22. Nxf6 Rxf6 23. Rxd4 Rc8 24. Rxc8+ Kxc8 25. g4 Kc7 26. g5 Rg6 27. h4 h6 28. f4 hxg5 29. fxg5 f6 30. Kg3 fxg5 31. h5 Rg8 32. Kg4 Kc6 33. h6 b5 34. Kh5 a5 35. h7 Rb8 36. Rg4 b4 37. Rxg5 Rh8 38. Kg6 a4 39. Kg7 1-0

[Event "45th Olympiad 2024"]
[Site "Budapest HUN"]
[Date "2024.09.21"]
[Round "10.21"]
[White "Cori, Jorge"]
[Black "Vocaturo, Daniele"]
[Result "1/2-1/2"]
[WhiteElo "2609"]
[BlackElo "2600"]
[PlyCount "76"]
[EventDate "2024.09.11"]
[WhiteTeam "Peru"]
[BlackTeam "Italy"]
[WhiteTeamCountry "PER"]
[BlackTeamCountry "ITA"]

1. c4 e6 2. Nc3 d5 3. d4 c5 4. cxd5 exd5 5. Nf3 Nc6 6. g3 Nf6 7. Bg2 Be7 8. O-O O-O 9. Bg5 c4 10. e3 Be6 11. Ne5 h6 12. Bxf6 Bxf6 13. f4 Bxe5 14. fxe5 ({RR} 14. dxe5 Qb6 15. f5 Qxe3+ 16. Kh1 Bc8 17. Nxd5 Qxe5 18. Qd2 Rd8 19. Rae1 Qd4 20. Qxd4 Nxd4 21. Ne7+ Kf8 22. Re4 Nb5 23. a4 Nd6 24. Re5 Bd7 25. a5 Re8 26. Rfe1 Rad8 27. g4 b5 28. axb6 axb6 {½-½ Yuffa,D (2572)-Mamedov,R (2703) Wch Rapid St Petersburg 2018 (10)}) ({RR} 14. dxe5 Qb6 15. f5 Qxe3+ 16. Kh1 Bc8 17. Nxd5 Qxe5 18. Qd2 Rd8 19. Rae1 Qd4 20. Qxd4 Nxd4 21. Ne7+ Kf8 22. Re4 Nb5 23. a4 Nd6 24. Re5 Bd7 25. a5 Re8 26. Rfe1 Rad8 27. g4 b5 28. axb6 axb6 {Yuffa,D (2572)-Mamedov,R (2703) St Petersburg 2018 ½-½ (54)}) ({RR} 14. dxe5 Qb6 15. f5 Qxe3+ 16. Kh1 Bc8 17. Nxd5 Qxe5 18. Qd2 Rd8 19. Rae1 Qd4 20. Qxd4 Nxd4 21. Ne7+ Kf8 22. Re4 Nb5 23. a4 Nd6 24. Re5 Bd7 25. a5 Re8 26. Rfe1 Rad8 27. g4 b5 28. axb6 axb6 {Yuffa,D (2572)-Mamedov,R (2703) St Petersburg 2018 ½-½ (54)}) 14... b5 ({RR} 14... Qg5 15. Rf4 Rad8 16. Qd2 f6 17. exf6 Rxf6 18. Raf1 Rxf4 19. Rxf4 Rf8 20. e4 Ne7 21. exd5 Bf5 22. d6 Ng6 23. Rf2 Qxd2 24. Rxd2 Rd8 25. Bxb7 Rxd6 26. Bd5+ Be6 27. Be4 Ne7 28. d5 Bd7 29. Rd4 {Perez Gormaz,M (2383)-Kotsyuba,V (2220) chess.com INT 2026 1-0 (77)}) ({RR} 14... Qg5 15. Rf4 Rad8 16. Qd2 f6 17. exf6 Rxf6 18. Raf1 Rxf4 19. Rxf4 Rf8 20. e4 Ne7 21. exd5 Bf5 22. d6 Ng6 23. Rf2 Qxd2 24. Rxd2 Rd8 25. Bxb7 Rxd6 26. Bd5+ Be6 27. Be4 Ne7 28. d5 Bd7 29. Rd4 {Perez Gormaz,M (2383)-Kotsyuba,V (2220) chess.com INT 2026 1-0 (77)}) 15. a3 Rb8 16. e4 $146 ({RR} 16. Qf3 Ne7 17. Rad1 f6 18. exf6 Rxf6 19. Qh5 Bf7 20. Qe2 Rxf1+ 21. Rxf1 a5 22. Qf3 Be6 23. e4 dxe4 24. Qxe4 Rb6 25. d5 Bf7 26. Re1 b4 27. Na4 Rb7 28. d6 Nd5 29. Nc5 Qb6 30. Qd4 Nf6 {1-0 Lazavik,D (2553)-Renjith,S (2118) Titled Tue 20th Jun Early 2023 (3)}) ({RR} 16. Qf3 b4 17. Nxd5 bxa3 18. bxa3 Na5 19. Nf4 c3 20. Rac1 Qc7 21. d5 Bd7 22. Qe4 Rb2 23. e6 fxe6 24. Nxe6 Rxf1+ 25. Rxf1 Qd6 26. Qg6 Bxe6 27. Be4 Bf5 28. Qxf5 Qf6 29. Qh7+ Kf7 30. Rxf6+ Kxf6 {1-0 Tulchynskyi,F (2233)-Melamed,D (2029) Titled Tue 11th Jun Late 2024 (1)}) ({RR} 16. Qf3 Ne7 17. Rad1 f6 18. exf6 Rxf6 19. Qh5 Bf7 20. Qe2 Rxf1+ 21. Rxf1 a5 22. Qf3 Be6 23. e4 dxe4 24. Qxe4 Rb6 25. d5 Bf7 26. Re1 b4 27. Na4 Rb7 28. d6 Nd5 29. Nc5 Qb6 30. Qd4 Nf6 {Lazavik,D (2553)-Renjith,S (2118) chess.com INT 2023 1-0 (34)}) ({RR} 16. Qf3 Ne7 17. Rad1 f6 18. exf6 Rxf6 19. Qh5 Bf7 20. Qe2 Rxf1+ 21. Rxf1 a5 22. Qf3 Be6 23. e4 dxe4 24. Qxe4 Rb6 25. d5 Bf7 26. Re1 b4 27. Na4 Rb7 28. d6 Nd5 29. Nc5 Qb6 30. Qd4 Nf6 {Lazavik,D (2553)-Renjith,S (2118) chess.com INT 2023 1-0 (34)}) 16... Ne7 17. exd5 Nxd5 18. Qf3 Nxc3 19. bxc3 Qb6 20. Rab1 f6 21. Qe3 fxe5 22. Qxe5 Rxf1+ 23. Rxf1 Rf8 24. Rxf8+ Kxf8 25. Kf2 Kf7 26. Ke3 Bd7 27. Bd5+ Kf8 28. Be4 Qf6 29. h4 a6 30. Qc5+ Ke8 31. Qd5 Ke7 32. Qe5+ Kd8 33. Qb8+ Ke7 34. Qc7 Ke8 35. Qe5+ Kd8 36. Bf3 Qe7 37. Qxe7+ Kxe7 38. Be4 Kd6 1/2-1/2

[Event "45th Olympiad 2024"]
[Site "Budapest HUN"]
[Date "2024.09.19"]
[Round "8.1"]
[White "Maghsoodloo, Parham"]
[Black "Gukesh, D."]
[Result "0-1"]
[WhiteElo "2723"]
[BlackElo "2764"]
[PlyCount "68"]
[EventDate "2024.09.11"]
[WhiteTeam "Iran"]
[BlackTeam "India"]
[WhiteTeamCountry "IRI"]
[BlackTeamCountry "IND"]

1. d4 d5 2. c4 e6 3. Nc3 c5 4. cxd5 exd5 5. Nf3 Nf6 6. g3 Nc6 7. Bg2 cxd4 8. Nxd4 Bc5 9. Nb3 Bb6 10. O-O d4 11. Na4 O-O 12. Re1 h6 ({RR} 12... Re8 13. Bd2 Bg4 14. h3 Bh5 15. Nbc5 Qe7 16. Nxb6 axb6 17. Nd3 Rad8 18. Nf4 Bg6 19. Rc1 Be4 20. Bf1 Nd5 21. Nd3 Qd7 22. Qb3 Re6 23. Nf4 Nxf4 24. Bxf4 Ne5 25. Bxe5 Rxe5 26. Qxb6 Bc6 27. Rc5 {1-0 Kozak,A (2434)-Lopusiewicz,P (2301) Titled Tue 27th Feb Early 2024 (5)}) ({RR} 12... Re8 13. Bd2 Bg4 14. h3 Bh5 15. Nbc5 Qe7 16. Nxb6 axb6 17. Nd3 Rad8 18. Nf4 Bg6 19. Rc1 Be4 20. Bf1 Nd5 21. Nd3 Qd7 22. Qb3 Re6 23. Nf4 Nxf4 24. Bxf4 Ne5 25. Bxe5 Rxe5 26. Qxb6 Bc6 27. Rc5 {Kozak,A (2434)-Lopusiewicz,P (2301) chess.com INT 2024 1-0 (56)}) ({RR} 12... Re8 13. Bd2 Bg4 14. h3 Bh5 15. Nbc5 Qe7 16. Nxb6 axb6 17. Nd3 Rad8 18. Nf4 Bg6 19. Rc1 Be4 20. Bf1 Nd5 21. Nd3 Qd7 22. Qb3 Re6 23. Nf4 Nxf4 24. Bxf4 Ne5 25. Bxe5 Rxe5 26. Qxb6 Bc6 27. Rc5 {Kozak,A (2434)-Lopusiewicz,P (2301) chess.com INT 2024 1-0 (56)}) 13. Bf4 Be6 14. Nbc5 Bd5 15. Nxb6 $146 ({RR} 15. Nxb7 Qe7 16. Nxb6 axb6 17. e4 dxe3 18. Rxe3 Qxb7 19. Bxd5 Rfd8 20. Rd3 Qa6 21. Bd6 Rxd6 22. Bxf7+ Kxf7 23. Rxd6 Ne5 24. Qb3+ Kg6 25. f4 Qc4 26. Qxc4 Nxc4 27. Rc6 Nxb2 28. Rxb6 Na4 29. Rc6 Kf5 {1-0 Kramnik,V (2753)-Sychev,K (2540) Julius Baer Play-In 2023 (9.24)}) ({RR} 15. Nxb7 Qe7 16. Nxb6 axb6 17. e4 dxe3 18. Rxe3 Qxb7 19. Bxd5 Rfd8 20. Rd3 Qa6 21. Bd6 Rxd6 22. Bxf7+ Kxf7 23. Rxd6 Ne5 24. Qb3+ Kg6 25. f4 Qc4 26. Qxc4 Nxc4 27. Rc6 Nxb2 28. Rxb6 Na4 29. Rc6 Kf5 {Kramnik,V (2753)-Sychev,K (2540) chess.com INT 2023 1-0 (47)}) ({RR} 15. Nxb7 Qe7 16. Nxb6 axb6 17. e4 dxe3 18. Rxe3 Qxb7 19. Bxd5 Rfd8 20. Rd3 Qa6 21. Bd6 Rxd6 22. Bxf7+ Kxf7 23. Rxd6 Ne5 24. Qb3+ Kg6 25. f4 Qc4 26. Qxc4 Nxc4 27. Rc6 Nxb2 28. Rxb6 Na4 29. Rc6 Kf5 {Kramnik,V (2753)-Sychev,K (2540) chess.com INT 2023 1-0 (47)}) 15... axb6 16. Nxb7 Qd7 17. e4 dxe3 18. Rxe3 Nb4 19. Nd6 Bxg2 20. Kxg2 Rad8 21. Rb3 Nbd5 22. Be5 Qe6 23. Qd4 Ng4 24. Rd1 Ne7 25. Bxg7 Nf5 26. Qf4 Nxg7 27. Rxb6 f5 28. h3 Ne5 29. Nc4 Qxc4 30. Rxd8 Rxd8 31. Qxe5 Rd1 32. Rb3 Qf1+ 33. Kf3 Qh1+ 34. Kf4 Rd5 0-1

[Event "CHN-ch"]
[Site "Xinghua"]
[Date "2013.04.23"]
[Round "7"]
[White "Wang, Yue"]
[Black "Hou, Yifan"]
[Result "1-0"]
[WhiteElo "2706"]
[BlackElo "2617"]
[Annotator "Ramirez Alvarez,Alejandro"]
[PlyCount "163"]
[EventDate "2013.04.16"]
[EventType "tourn"]
[EventRounds "11"]
[EventCountry "CHN"]
[EventCategory "15"]
[SourceTitle "CBM 154"]
[Source "ChessBase"]
[SourceDate "2013.05.15"]
[SourceVersion "1"]
[SourceVersionDate "2013.05.15"]
[SourceQuality "1"]

{Wang Yue shows Karpovian patience and technique as he plays one of his marathon games in this tournament, this time against the star of Chinese chess.} 1. c4 e6 2. Nc3 d5 3. d4 Bb4 4. cxd5 exd5 5. Bf4 Nf6 6. e3 O-O 7. Bd3 c5 8. Nge2 cxd4 9. Nxd4 Nc6 10. O-O Nxd4 11. exd4 {White has a small but pleasant edge. His piece placement guarantees him-long term pressure despite the symmetrical structure. Black has the chance to exchange on c3 to change the pawn structure, but this gives White the pair of bishops.} Bxc3 $146 ({RR} 11... h6 12. Rc1 Bd6 13. Be5 Ng4 14. Qe2 Re8 15. f4 f6 16. Bg6 fxe5 17. Bxe8 exd4 18. Nxd5 d3 19. Qxd3 Qxe8 20. h3 Qf8 21. hxg4 Bxg4 22. Ne3 Be6 23. f5 Bf7 24. f6 Bc5 25. Qc3 b6 26. Kh1 {Gareyev,T (2597)-Sivuk,V (2579) Atyrau 2022 1-0 (39)}) ({RR} 11... h6 12. Qb3 Bd6 13. Bxd6 Qxd6 14. f3 Qf4 15. Ne2 Qe3+ 16. Rf2 Bd7 17. Bh7+ {1-0 (17) Petkov,M (2315)-Efremov,V (2188) Chess.com INT 2020}) ({RR} 11... h6 12. Rc1 Bd6 13. Be5 Ng4 14. Qe2 Re8 15. f4 f6 16. Bg6 fxe5 17. Bxe8 exd4 18. Nxd5 d3 19. Qxd3 Qxe8 20. h3 Qf8 21. hxg4 Bxg4 22. Ne3 Be6 23. f5 Bf7 24. f6 Bc5 25. Qc3 b6 26. Kh1 {Gareyev,T (2597)-Sivuk,V (2579) Atyrau 2022 1-0 (39)}) ({RR} 11... h6 12. Qb3 Bd6 13. Bxd6 Qxd6 14. f3 Qf4 15. Ne2 Qe3+ 16. Rf2 Bd7 17. Bh7+ {1-0 (17) Petkov,M (2315)-Efremov,V (2188) Chess.com INT 2020}) 12. bxc3 Bg4 13. Qb3 Qd7 14. Rfe1 Rac8 15. Bb5 Qd8 16. Bf1 b6 17. f3 Be6 18. Ba6 Rc6 19. Bb5 Rc8 20. Qa3 Bd7 21. Bf1 a5 22. Rab1 {White has succeeded in provoking a5, which is a long-term weakness. White's dark-squared bishop will be able to rain terror on thos queenside pawns... once all the other pieces disappear.} Re8 23. Be5 Bf5 24. Rbc1 Nd7 25. Bf4 Rc6 26. Qb3 Rxe1 27. Rxe1 Nf8 28. Qa3 Re6 29. Rxe6 Bxe6 30. Qd6 $1 {The exchange of queens will leave Black passive and without counterplay, but she has no choice as the d6 queen is dominant. Hou Yifan avoids it for a few moves, but at the end Wang Yue forces the trade.} Nd7 31. Bb5 h5 32. Bd2 Qc8 33. Kf2 Kh8 34. h4 Kg8 35. Bf4 Qd8 36. g3 Qc8 37. Qc7 Qxc7 38. Bxc7 f6 39. c4 $1 {A clever break. This gives White a passed pawn and a winning position.} dxc4 40. d5 Bf5 (40... Bxd5 $2 41. Bxd7 $18) 41. Bxc4 Kf7 42. Ke3 Ne5 43. Be2 Bb1 44. a3 Nd7 45. Kd4 Ke7 46. Bc4 Bf5 47. d6+ Ke8 48. f4 Bg4 49. Bd5 Kf8 50. Be4 Kf7 51. Bc2 Kf8 52. Bd3 Kf7 53. Bf1 Bf3 {These bishop manoeuvres are reminiscent of Karpov, who always took his time even in completely winning positions.} 54. Bc4+ Kf8 55. Bb5 Bg4 56. Bf1 Bf3 57. Bb5 Bg4 58. Bc6 Kf7 59. Be4 Ke8 60. Bg2 Kf7 61. Kd5 Bd1 62. Kc6 {The king penetrates, and with decisive effect.} Ba4+ 63. Kb7 Ke6 64. Bf3 g6 65. Bg2 Bc2 66. Bc6 Bf5 67. Kc8 Nc5 68. Kd8 Be4 69. Bxe4 Nxe4 {Black has gotten rid of one bishop, but the other one has the b6 and a5 pawns under attack. Black also has to deal with the d-pawn.} 70. d7 Nc5 71. Bxb6 Nxd7 72. Bxa5 Nc5 {Unfortunately, knights are particularly useless at stopping rook pawns, so the game is over.} 73. Bb4 Ne4 74. a4 Kd5 75. Be1 g5 76. a5 gxf4 77. gxf4 Nc5 78. Kc7 Ke4 79. Bf2 Na6+ 80. Kb7 Nb4 81. Bc5 Nd3 82. Bd6 {An incredible show of patience and fighting will.} 1-0

[Event "Tata Steel-A 87th"]
[Site "Wijk aan Zee"]
[Date "2025.01.29"]
[Round "10"]
[White "Praggnanandhaa, Rameshbabu"]
[Black "Fedoseev, Vladimir1"]
[Result "1-0"]
[WhiteElo "2741"]
[BlackElo "2717"]
[PlyCount "89"]
[EventDate "2025.01.18"]
[EventType "tourn"]
[EventRounds "13"]
[EventCountry "NED"]
[EventCategory "19"]
[SourceTitle "Mega2025 Update 14"]
[Source "Chessbase"]
[SourceDate "2025.02.07"]
[SourceVersion "1"]
[SourceVersionDate "2025.02.07"]
[SourceQuality "1"]

1. d4 d5 2. c4 e6 3. Nc3 c5 4. cxd5 exd5 5. Nf3 Nf6 6. Bg5 Be6 7. e3 c4 {7...c4 is better than 7...Nc6. 7...c4 ist besser als 7...Sc6.} 8. Bxf6 ({RR} 8. Be2 Bb4 9. O-O O-O 10. Ne5 Qa5 11. Bxf6 gxf6 12. Ng4 Nd7 13. Qc2 Rad8 14. f4 Bxc3 15. bxc3 f5 16. Rab1 fxg4 17. f5 Nf6 18. fxe6 fxe6 19. Rf4 Ne4 20. Rxg4+ Kh8 21. Rxb7 Qxc3 22. Qxc3 Nxc3 {Giri,A (2768)-Abdusattorov,N (2731) chess.com INT 2023 ½-½}) ({RR} 8. Be2 Bb4 9. O-O O-O 10. Ne5 Qa5 11. Bxf6 gxf6 12. Ng4 Nd7 13. Qc2 Rad8 14. f4 Bxc3 15. bxc3 f5 16. Rab1 fxg4 17. f5 Nf6 18. fxe6 fxe6 19. Rf4 Ne4 20. Rxg4+ Kh8 21. Rxb7 Qxc3 22. Qxc3 Nxc3 {Giri,A (2768)-Abdusattorov,N (2731) chess.com INT 2023 ½-½}) 8... gxf6 9. g3 $146 (9. a3 Qa5 10. g3 Nc6 11. Bg2 Be7 12. Ng1 f5 13. Nh3 Bd6 14. O-O Ne7 15. Qc2 {1-0 Poltorak,S (2392)-Yatskar,M (2066) Berlin-ch 2024 (2)}) ({RR} 9. a3 Qa5 10. g3 Nc6 11. Bg2 Be7 12. Ng1 f5 13. Nh3 Bd6 14. O-O Ne7 15. Qc2 h5 16. Nf4 Bxf4 17. gxf4 Ng6 18. Bh3 Rg8 19. Kh1 Ne7 20. Rg1 O-O-O 21. Qe2 h4 22. Qc2 Kb8 23. Ne2 b5 {Poltorak,S (2392)-Yatskar,M (2066) Berlin GER 2024 1-0 (60)}) ({RR} 9. a3 f5 10. g3 Bd6 11. Qc2 Nc6 12. Bg2 O-O 13. O-O Rb8 14. Nh4 Ne7 15. f3 Bc7 16. Kh1 b5 17. e4 f4 18. e5 f6 19. gxf4 f5 20. Qf2 Kh8 21. Rg1 a5 22. Bh3 b4 23. Na4 Bb6 {Smolik,J (2375)-Kozlovic,J (2317) St. Veit an der Glan AUT 2026 ½-½ (41)}) ({RR} 9. a3 Qa5 10. g3 Nc6 11. Bg2 Be7 12. Ng1 f5 13. Nh3 Bd6 14. O-O Ne7 15. Qc2 h5 16. Nf4 Bxf4 17. gxf4 Ng6 18. Bh3 Rg8 19. Kh1 Ne7 20. Rg1 O-O-O 21. Qe2 h4 22. Qc2 Kb8 23. Ne2 b5 {Poltorak,S (2392)-Yatskar,M (2066) Berlin GER 2024 1-0 (60)}) ({RR} 9. a3 f5 10. g3 Bd6 11. Qc2 Nc6 12. Bg2 O-O 13. O-O Rb8 14. Nh4 Ne7 15. f3 Bc7 16. Kh1 b5 17. e4 f4 18. e5 f6 19. gxf4 f5 20. Qf2 Kh8 21. Rg1 a5 22. Bh3 b4 23. Na4 Bb6 {Smolik,J (2375)-Kozlovic,J (2317) St. Veit an der Glan AUT 2026 ½-½ (41)}) 9... Bb4 10. Bg2 Nc6 11. O-O O-O 12. Ne2 Rc8 13. Nh4 Kh8 14. a3 Be7 15. e4 Rg8 16. Re1 Bf8 17. Qc2 b5 18. Rad1 Ne7 19. Nc3 a6 20. exd5 Nxd5 21. Be4 Nf4 22. Bxh7 Rg5 23. Be4 Qd7 24. Kh1 Rh5 25. Bf3 Rh6 26. d5 Bh3 27. Be4 Rh5 28. Ne2 Nxe2 29. Qxe2 Re5 30. f4 Bg4 31. Qf1 Rh5 32. Bf3 c3 33. bxc3 Rxc3 34. Bxg4 Qxg4 35. Qe2 Qxe2 36. Rxe2 Bd6 37. Re8+ Kh7 38. Rd8 Bxf4 39. d6 Bxg3 40. d7 Rxh4 41. Rc8 Rxh2+ 42. Kg1 Rxa3 43. d8=Q Be5 44. Qg8+ Kh6 45. Qf8+ 1-0

[Event "Norway Chess 2024"]
[Site "Stavanger, Norway"]
[Date "2024.05.29"]
[Round "5.3"]
[White "Nakamura, Hikaru"]
[Black "Firouzja, Alireza"]
[Result "1/2-1/2"]
[WhiteElo "2794"]
[BlackElo "2737"]
[Annotator "Stockfish 16.1 - Chessbase"]
[PlyCount "64"]
[EventDate "2024.??.??"]

1. d4 {[%eval 14,0]} d5 {[%eval 24,0]} 2. c4 {[%eval 25,0]} e6 {[%eval 24,0]} 3. Nc3 {[%eval 21,0]} c5 {[%eval 33,0]} 4. cxd5 {[%eval 28,0]} exd5 {[%eval 27,0]} 5. Nf3 {[%eval 29,0]} Nc6 {[%eval 27,0]} 6. g3 {[%eval 29,0]} Nf6 {[%eval 29,0]} 7. Bg2 {[%eval 17,0]} cxd4 {[%eval 24,0]} 8. Nxd4 {[%eval 24,0]} Bc5 {[%eval 26,0]} 9. Nb3 {[%eval 21,0]} Bb6 {[%eval 32,0]} 10. O-O {[%eval 37,0]} d4 {[%eval 18,0]} 11. Na4 {[%eval 24,0]} O-O {[%eval 28,0]} 12. Bg5 {[%eval 23,0]} h6 {[%eval 23,0]} 13. Bxf6 {[%eval 21,0]} Qxf6 {[%eval 22,0]} 14. Rc1 {[%eval 2,0]} ({RR} 14. Nxb6 axb6 15. Bxc6 bxc6 16. Qxd4 Rd8 17. Qxf6 gxf6 18. Rfc1 Be6 19. Kf1 Ra4 20. Ke1 Rda8 21. Rc3 Rxa2 22. Rxa2 Rxa2 23. Nc1 Rxb2 24. Rxc6 Kg7 25. Nd3 Rb1+ 26. Kd2 f5 27. Nf4 Kf6 28. h4 Ke7 {Aronian,L (2735)-Caruana,F (2766) Wijk aan Zee NED 2023 ½-½ (39)}) ({RR} 14. Nxb6 axb6 15. Bxc6 bxc6 16. Qxd4 Rd8 17. Qxf6 gxf6 18. Rfc1 Be6 19. Kf1 Ra4 20. Ke1 Rda8 21. Rc3 Rxa2 22. Rxa2 Rxa2 23. Nc1 Rxb2 24. Rxc6 Kg7 25. Nd3 Rb1+ 26. Kd2 f5 27. Nf4 Kf6 28. h4 Ke7 {Aronian,L (2735)-Caruana,F (2766) Wijk aan Zee NED 2023 ½-½ (39)}) 14... Re8 {[%eval 12,0]} 15. h3 {[%eval 28,0]} ({RR} 15. Nac5 h5 16. h3 h4 17. g4 Qe5 18. Qd2 a5 19. Nd3 Qd6 20. Nbc5 a4 21. Rc4 Ba5 22. Qc2 Bc7 23. f4 Qe7 24. Rxa4 Qe3+ 25. Rf2 Rxa4 26. Qxa4 Bxf4 27. Nxf4 Qc1+ 28. Rf1 Qxc5 29. Kh1 Qd6 {Duda,J (2733)-Firouzja,A (2744) chess.com INT 2024 ½-½ (54)}) ({RR} 15. Nac5 h5 16. h3 h4 17. g4 Qe5 18. Qd2 a5 19. Nd3 Qd6 20. Nbc5 a4 21. Rc4 Ba5 22. Qc2 Bc7 23. f4 Qe7 24. Rxa4 Qe3+ 25. Rf2 Rxa4 26. Qxa4 Bxf4 27. Nxf4 Qc1+ 28. Rf1 Qxc5 29. Kh1 Qd6 {Duda,J (2733)-Firouzja,A (2744) chess.com INT 2024 ½-½ (54)}) 15... Bf5 $146 {[%eval 0,0]} ({RR} 15... Qe5 16. Re1 Bf5 17. Nac5 Rac8 18. Qd2 Re7 19. a3 Na5 20. Nxa5 Bxa5 21. Qxa5 b6 22. Qd2 bxc5 23. e3 d3 24. e4 Be6 25. Qxd3 Qxb2 26. Rxc5 Rxc5 27. Qd8+ Kh7 28. Qxe7 Qxa3 29. e5 Qb4 30. Be4+ {½-½ Volkov,S (2454)-Chertkov,M (2271) ch-Moscow Open Superfinal Ershovo RUS 2024 (6.13)}) ({RR} 15... Qe5 16. Re1 Qh5 17. e4 Qxd1 18. Rexd1 Be6 19. Nbc5 Bxa2 20. Nxb6 axb6 21. Nxb7 Bb3 22. Rd3 Ba4 23. f4 Bb5 24. Rb3 Ba4 25. Ra3 Nb4 26. Nd6 Red8 27. e5 d3 28. Bxa8 d2 29. Rf1 Rxa8 30. Nc4 {Kaufman,D (2477)-Baitleu,S (2245) Belgrade SRB 2026 1-0 (35)}) ({RR} 15... Qe5 16. Re1 Qh5 17. e4 Qxd1 18. Rexd1 Be6 19. Nbc5 Bxa2 20. Nxb6 axb6 21. Nxb7 Bb3 22. Rd3 Ba4 23. f4 Bb5 24. Rb3 Ba4 25. Ra3 Nb4 26. Nd6 Red8 27. e5 d3 28. Bxa8 d2 29. Rf1 Rxa8 30. Nc4 {Kaufman,D (2477)-Baitleu,S (2245) Belgrade SRB 2026 1-0 (35)}) 16. Nbc5 $146 {[%eval 4,0]} ({RR} 16. Nac5 Rac8 17. Nxb7 Nb4 18. N7c5 Nxa2 19. Rc4 Be6 20. Rc2 Bf5 21. Rc4 Be6 22. Rc2 Nb4 23. Rc1 d3 24. exd3 Bxb3 25. Nxb3 Qxb2 26. Rb1 Qc3 27. d4 a5 28. Qg4 Nc2 29. Rfc1 Bxd4 30. Nxd4 Qxd4 {David,A (2468)-Vallee,L (2260) Saint-Maur-des-Fosses FRA 2025 0-1 (33)}) ({RR} 16. Nac5 Rac8 17. Nxb7 Nb4 18. N7c5 Nxa2 19. Rc4 Be6 20. Rc2 Bf5 21. Rc4 Be6 22. Rc2 Nb4 23. Rc1 d3 24. exd3 Bxb3 25. Nxb3 Qxb2 26. Rb1 Qc3 27. d4 a5 28. Qg4 Nc2 29. Rfc1 Bxd4 30. Nxd4 Qxd4 {David,A (2468)-Vallee,L (2260) Saint-Maur-des-Fosses FRA 2025 0-1 (33)}) 16... Bxc5 {[%eval 8,0]} 17. Nxc5 {[%eval 14,0]} b6 {[%eval 17,0]} 18. Nd3 {[%eval 0,0]} Be4 {[%eval 3,0]} 19. Bxe4 {[%eval 0,0]} Rxe4 {[%eval 0,0]} 20. Qc2 {[%eval 0,0]} Re6 {[%eval 2,0]} 21. Nf4 {[%eval 1,0]} Rd6 {[%eval 0,0]} 22. Qe4 {[%eval 0,0]} Rad8 {[%eval 0,0]} 23. Rfd1 {[%eval 0,0]} g5 {[%eval 0,0]} 24. Nd3 {[%eval 0,0]} Re6 {[%eval 2,0]} 25. Qg4 {[%eval 13,0]} Ne5 {[%eval 0,0]} 26. Nxe5 {[%eval 0,0]} Qxe5 {[%eval 0,0]} 27. Rc2 {[%eval 0,0]} Qf6 {[%eval 4,0]} 28. h4 {[%eval 0,0]} Rde8 {[%eval 0,0]} 29. hxg5 {[%eval 0,0]} hxg5 {[%eval 0,0]} 30. Rxd4 {[%eval 0,0]} Rxe2 {[%eval 0,0]} 31. Rxe2 {[%eval 0,0]} Rxe2 {[%eval 0,0]} 32. Qxe2 {[%eval 0,0]} Qxd4 {[%eval 0,0]} 1/2-1/2